000 00728cam a2200205 a 4500
001 000036340
005 20200930075658.0
008 871109s1973 pr a 000 0 spa d
040 _aDO-SdBNP
_bspa
_cBNPHU
082 _aPR861.44
_bB114f
100 1 _aBabín, María Teresa,
_d1910-1989
_939160
245 1 0 _aFantasía boricua :
_bestampas de mi tierra /
_cMaría Teresa Babín.
260 _aSan Juan, Puerto Rico :
_bInstituto de Cultura Puertoriqueña,
_c1973.
300 _a170 p. :
_bil. ;
_c19 cm.
650 4 _aPoesía puertorriqueña
_91015
650 4 _aLiteratura puertorriqueña
_9250
651 4 _aPuerto Rico
_xVida Social Y Costumbres
_99074
651 4 _aPuerto Rico
_xDescripciones Y Viajes
_916125
049 _aBNGR
999 _c35831
_d35831